000 006900000a22002170004500
003 LK-CoMWRAF
005 20240605160051.0
008 230817t2007 ||||| |||| 00| 0 eng d
040 _aLK-CoMWRAF
_dLK-CoMWRAF
_eLK-CoMWRAF
041 _aeng
082 _a658.421
_bINT
110 _aInternational Development Law Organization
245 _aLegal aspects of small business and economic livelihoods development
260 _aColombo:
_bInternational Development Law Organization,
_c2007
300 _a127 p.
490 _aIDLO papers
650 _aLIVELIHOOD DEVELOPMENT-Laws
700 _aWoodrow, Katrina
_eed.
856 _uhttps://www.files.ethz.ch/isn/144673/21.pdf
942 _cBK
999 _c2387
_d2387